Statistics for NBA Coachs

Click here to take the quiz!

General Stats

  • This quiz has been taken 12 times
    (11 since last reset)
  • The average score is 4 of 30

Answer Stats

TeamCoach% Correct
BostonDoc Rivers
56%
IndianaFrank Vogel
56%
San AntonioGregg Popovich
56%
OKCScott Brooks
56%
Golden StateMark Jackson
44%
HoustonKevin McHale
33%
MiamiErik Spoelstra
22%
WashingtonRandy Wittman
22%
DallasRick Carlisle
22%
DenverGeorge Karl
11%
MemphisLionel Hollins
11%
ClevelandMike Brown
11%
New OrleansMonty Williams
11%
PortlandTerry Stotts
11%
UtahTyrone Corbin
11%
Los AngelesVinny Del Negro
11%
TorontoDwane Casey
0%
OrlandoJacque Vaughn
0%
MilwaukeeJim Boylan
0%
SacramentoKeith Smart
0%
AtlantaLarry Drew
0%
PhoenixLindsey Hunter
0%
Los AngelesMike D'Antoni
0%
New YorkMike Woodson
0%
PhiladelphiaNo Head Coach
0%
CharoletteNo Head Coach
0%
DetroitNo Head Coach
0%
BrooklynP.J. Carlesimo
0%
MinnesotaRick Adelman
0%
ChicagoTim Thibodeau
0%

Score Distribution

Percentile by Number Answered

Percent of People with Each Score

Your Score History

You have not taken this quiz since the last reset